Olivia Rodrigo song lyrics - No hints ! @11 - Statistics

General Stats
  • This quiz has been taken 76 times
  • The average score is 140 of 240
Answer Stats
Answer % Correct
I
100%
a
98%
A
98%
you
93%
your
85%
And
83%
and
83%
love
83%
go
78%
He
75%
he
75%
the
75%
you're
75%
But
73%
but
73%
on
73%
when
73%
who
73%
all
70%
Don't
70%
don't
70%
in
70%
is
70%
My
70%
my
70%
that
70%
to
70%
To
70%
we
70%
We
70%
am
68%
it
68%
know
68%
She
68%
she
68%
Hope
65%
hope
65%
was
63%
her
60%
Her
60%
if
58%
just
58%
of
58%
where
58%
boy
55%
good
55%
okay
55%
with
55%
With
55%
as
53%
'cause
53%
'Cause
53%
every
53%
friend
53%
His
53%
his
53%
how
53%
I'll
53%
miss
53%
much
53%
about
50%
loved
50%
out
50%
say
50%
see
50%
their
50%
there
50%
were
50%
cared
48%
courage
48%
hatred
48%
knew
48%
letters
48%
more
48%
Nothing
48%
once
48%
parents
48%
proud
48%
unlearn
48%
band
45%
being
45%
bible
45%
butterfly
45%
child
45%
created
45%
dad
45%
forever
45%
own
45%
small
45%
someday
45%
talk
45%
Than
45%
up
45%
wore
45%
Adress
43%
again
43%
bad
43%
blood
43%
holes
43%
played
43%
seems
43%
wings
43%
eyes
40%
happier
40%
hated
40%
long
40%
marching
40%
Nothing's
40%
sleeves
40%
college
38%
couldn't
38%
Does
38%
drum
38%
family
38%
gotta
38%
grew
38%
Into
38%
into
38%
school
38%
alone
35%
hard
35%
made
35%
middle
35%
tired
35%
took
35%
wait
35%
Well
35%
world
35%
blonde
33%
brought
33%
clouds
33%
deal
33%
door
33%
fell
33%
flush
33%
raised
33%
royal
33%
salt
33%
today
33%
touch
33%
brothers
30%
close
30%
creep
30%
house
30%
iron
30%
merely
30%
monsters
30%
somehow
30%
god
25%
towhead
20%
won't
15%
No matching quizzes found
Score Distribution
Percent of People with Each Score
Percentile by Number Answered
Your Score History
You have not taken this quiz